| 000 | 01084cab a2200313 4500 | ||
|---|---|---|---|
| 001 | ABS46844 | ||
| 008 | 090401t1992 xxu||||| |||| 00| 0 eng d | ||
| 035 | _a(Sirsi) u59692 | ||
| 041 | _aeng | ||
| 100 | _aHill, P. | ||
| 245 | 4 | _aThe cost of environmental care | |
| 260 | _c1992 | ||
| 350 | _a0 | ||
| 490 |
_aFarm Management _v8(2) Summer 1992, 83-91(5) |
||
| 520 | _aReports on a pilot study jointly sponsored by MAFF and RICS which will examine environmentally friendly land use practices introduced by the Government and attempt to quantify the costs and benefits to farmers participating in the schemes, the UK taxpayer and the environment itself. References. | ||
| 650 | _aAGRICULTURE | ||
| 650 | _aCONSERVATION | ||
| 650 | _aEFPS | ||
| 650 | _aENVIRONMENTALLY FRIENDLY LAND USE PRACTICES | ||
| 650 | _aENVIRONMENTALLY SENSITIVE AREAS | ||
| 650 | _aESAS | ||
| 650 | _aFARM WOODLAND SCHEME | ||
| 650 | _aFARMING | ||
| 690 | _aENVIRONMENTAL AND LAND CONSULTANCY | ||
| 690 | _aRURAL PRACTICE | ||
| 700 | _aGreen, B. | ||
| 942 | _n0 | ||
| 948 | _c04/03/1997 | ||
| 999 |
_c36664 _d36664 |
||